Etica para empresarios (Registro nro. 1733)
[ vista simple ]
| 000 -LEADER | |
|---|---|
| fixed length control field | 01032 a2200229 4500 |
| 001 - CONTROL NUMBER | |
| control field | 28715 |
| 005 - DATE AND TIME OF LATEST TRANSACTION | |
| control field | 20260407155557.0 |
| 008 - FIXED-LENGTH DATA ELEMENTS--GENERAL INFORMATION | |
| fixed length control field | 260407a2013 arg spa d |
| 003 - CONTROL NUMBER IDENTIFIER | |
| control field | AR-UNSa-BCEJYS |
| 040 ## - CATALOGING SOURCE | |
| Original cataloging agency | AR-UNSa-BCEJYS |
| Language of cataloging | spa |
| Transcribing agency | AR-UNSa-BCEJYS |
| 080 ## - UNIVERSAL DECIMAL CLASSIFICATION NUMBER | |
| Universal Decimal Classification number | 174:65 |
| Common auxiliary subdivision | Etica en gestión y organización de la industria (Responsabilidad Social Empresaria) |
| 020 ## - INTERNATIONAL STANDARD BOOK NUMBER | |
| International Standard Book Number | 978-987-502-352-9 |
| 041 ## - LANGUAGE CODE | |
| Language code of text/sound track or separate title | spa |
| 100 1# - MAIN ENTRY--PERSONAL NAME | |
| Personal name | Kliksberg, Bernardo |
| 245 10 - TITLE STATEMENT | |
| Title | Etica para empresarios |
| Name of part/section of a work | por qué las empresas y los países ganan con la responsabilidad social empresaria |
| 264 #1 - PRODUCTION, PUBLICATION, DISTRIBUTION, MANUFACTURE, AND COPYRIGHT NOTICE | |
| Place of production, publication, distribution, manufacture | Buenos Aires : |
| Name of producer, publisher, distributor, manufacturer | Edición Distal |
| Date of production, publication, distribution, manufacture, or copyright notice | 2013 |
| 300 ## - PHYSICAL DESCRIPTION | |
| Extent | 254 p. |
| Dimensions | 20 cm. |
| 505 ## - FORMATTED CONTENTS NOTE | |
| Formatted contents note | 1. La discución sobre la responsabilidad social empresaria(RSE) - 2. La agenda de la RSE - 3. ¿La empresa gana con la RSE? - 4. Temas candentes en RSE - 5. La RSE en América Latina |
| 590 ## - LOCAL NOTE (RLIN) | |
| Local note | niveau_biblio:m niveau_hierar:0 |
| 856 41 - ELECTRONIC LOCATION AND ACCESS | |
| Uniform Resource Identifier | <a href="https://biblioeco.unsa.edu.ar/pmb/images/libros/Bernardo Klisberg-l125012.jpg">https://biblioeco.unsa.edu.ar/pmb/images/libros/Bernardo Klisberg-l125012.jpg</a> |
| Link text | Imagen de portada |
| Electronic format type | image/jpeg |
| 942 ## - ADDED ENTRY ELEMENTS (KOHA) | |
| Koha item type | |
| Withdrawn status | Lost status | Damaged status | Not for loan | Home library | Current library | Shelving location | Date acquired | Total checkouts | Full call number | Barcode | Date last seen | Price effective from | Koha item type |
|---|---|---|---|---|---|---|---|---|---|---|---|---|---|
| Biblioteca Prof. Eusebio Cleto del Rey | Biblioteca Prof. Eusebio Cleto del Rey | 07/04/2026 | 174:65 K65 | L125012 | 07/04/2026 | 07/04/2026 | Libro |